000 00832nam a22002651 4500
001 26441
003 BD-RjUL
005 20211209051022.0
008 140322s1968 pk b 000 0aeng
035 _a(BD-RjUL)26511
040 _aDLC
_cDLC
_dDLC
_dBD-RjUL
_beng
041 _aeng
082 0 0 _a954.922924
_bABA 1968
100 0 _aAbdul Latif,
_d1828-1893.
_981297
245 1 0 _aAutobiography and other writings of Nawab Abdul Latif Khan Bahadur /
_cEdited by Md. Mohar Ali.
250 _a2d rev. & enl. ed.
260 _aChittagong :
_bMehrub Publications,
_c1968.
300 _axxiv, 321 p. ;
_c22 cm.
600 0 0 _aAbdul Latif,
_d1828-1893.
_981320
600 0 0 _aAbdul Latif,
_d1828-1893.
_981321
700 1 _aAli, Md. Mohar,
_eed.
_981300
942 _2ddc
_cBK
_01
999 _c26441
_d26441